Loading...
| Literature - World | 0 | 3 | 0 | 0 | 30 | 72 | 98.33 | 1 | 2 | 3.48 | 11.87 |
| Popular Culture | 0 | 2 | 0 | 0 | 20 | 73 | 86.50 | 1 | 1 | 9.23 | 15.00 |
| Philosophy | 0 | 2 | 0 | 0 | 20 | 44 | 75.00 | 0 | 0 | 6.27 | 8.33 |
| History - World | 0 | 2 | 0 | 0 | 20 | 106 | 108.50 | 0 | 0 | 0.00 | 3.54 |
| History - Other | 0 | 2 | 0 | 0 | 20 | 99 | 103.00 | 0 | 0 | 0.27 | 6.06 |
| Geography | 0 | 2 | 1 | 1 | 15 | 75 | 86.50 | 0 | 0 | 5.35 | 7.54 |
| Fine Arts - Classical Music | 0 | 2 | 1 | 0 | 15 | 91 | 104.50 | 0 | 0 | 1.51 | 7.58 |
| Current Events | 0 | 1 | 0 | 0 | 10 | 99 | 99.00 | 0 | 0 | 2.32 | 6.67 |
| Fine Arts - Other | 0 | 1 | 0 | 0 | 10 | 110 | 110.00 | 0 | 0 | 0.32 | 2.27 |
| History - European | 0 | 1 | 0 | 0 | 10 | 106 | 106.00 | 0 | 0 | 0.08 | 1.52 |
| Literature - American | 0 | 1 | 0 | 0 | 10 | 111 | 111.00 | 0 | 0 | 0.00 | 1.82 |
| Religion | 0 | 1 | 0 | 0 | 10 | 91 | 91.00 | 0 | 0 | 0.73 | 2.27 |
| Science - Other | 0 | 1 | 0 | 0 | 10 | 76 | 76.00 | 0 | 1 | 3.86 | 8.33 |
| Science - Biology | 0 | 1 | 1 | 0 | 5 | 87 | 87.00 | 0 | 0 | 1.90 | 2.73 |
| Fine Arts - Painting and Sculpture | 0 | 0 | 0 | 0 | 0 | 0.00 | 0 | 0 | 0.00 | 0.00 | |
| Mythology | 0 | 0 | 0 | 0 | 0 | 0.00 | 0 | 0 | 0.00 | 0.00 | |
| Literature - European | 0 | 0 | 0 | 0 | 0 | 0.00 | 0 | 0 | 0.00 | 0.00 | |
| Science - Chemistry | 0 | 0 | 1 | 0 | -5 | 0.00 | 0 | 0 | 0.00 | 0.00 |